Přeskočit na obsah

Преступления против жизни и здоровья, совершаемые осужденными в исправительных учреждениях Монография

В настоящей монографии исследуются качественно-количественные параметры преступлений против жизни и здоровья совершаемых осужденными в исправительных учреждениях криминогенные детерминанты а также личностные особенности данной категории преступников. На основании их анализа автором предлагаются неко...

Celý popis

Uloženo v:
Podrobná bibliografie
Hlavní autor: Унтеров В.А
Médium: Монография
On-line přístup:https://znanium.com/catalog/document?id=358647
https://znanium.com/cover/1094/1094199.jpg
Tagy: Přidat tag
Žádné tagy, Buďte první, kdo otaguje tento záznam!
LEADER 02935nam0a2200301 i 4500
001 RU\infra-m\znanium\bibl\1094199
003 https://znanium.com/catalog/document?id=358647
005 20200331000000.0
010 |a 978-5-91612-267-1 
100 |a 20200331d2020 m y0rusy0150 ca 
101 0 |a rus 
102 |a RU 
200 1 |a Преступления против жизни и здоровья, совершаемые осужденными в исправительных учреждениях  |e Монография  |f Самарский юридический институт Федеральной службы исполнения наказаний 
210 1 |a Самара  |c Самарский юридический институт ФСИН России  |d 2019 
215 |a 166 с. 
330 |a В настоящей монографии исследуются качественно-количественные параметры преступлений против жизни и здоровья совершаемых осужденными в исправительных учреждениях криминогенные детерминанты а также личностные особенности данной категории преступников. На основании их анализа автором предлагаются некоторые меры по противодействию рассматриваемым преступлениям. Монография адресована профессорско-преподавательскому составу научным работникам аспирантам адъюнктам обучающимся образовательных организаций юридического профиля а также всем интересующимся вопросами противодействия насильственным преступлениям в местах лишения свободы. 
333 |a ВО - Магистратура 
606 |a Право. Юридические науки  |x Уголовно-исполнительное право  |2 local 
608 |a Монография  |2 local 
675 |a 343  |z rus 
686 |a 67409  |2 rubbk 
686 |a 40.04.01  |2 okso 
686 |a 40.05.02  |2 okso 
686 |a 40.06.01  |2 okso 
700 1 |a Унтеров  |b В.А.  |g Владимир Анатольевич  |p Самарский юридический институт Федеральной службы исполнения наказаний 
801 0 |a RU  |b Общество с ограниченной ответственностью «ЗНАНИУМ»  |c 20200331  |2 rusmarc 
856 4 |a znanium.com  |m ebs_support@infra-m.ru  |n НИЦ ИНФРА-М  |u https://znanium.com/catalog/document?id=358647 
856 4 1 |a znanium.com  |d /cover/1094  |f 1094199.jpg  |q image/jpeg  |u https://znanium.com/cover/1094/1094199.jpg